| 000 -LEADER |
| fixed length control field |
00841nam a22001337a 4500 |
| 040 ## - CATALOGING SOURCE |
| Transcribing agency |
RUA |
| 082 ## - DEWEY DECIMAL CLASSIFICATION NUMBER |
| Classification number |
AED MIE 2016 B650 or.1 |
| 100 ## - MAIN ENTRY--AUTHOR NAME |
| Personal name |
MIECH SAONY មៀចសៅនី |
| 245 ## - TITLE STATEMENT |
| Title |
the study on economic efficency of yellow maize production of smallholder in chruy takeo commune khos thom district, kandal province ការសិក្សារអំពីប្រសិទ្ធភាពសេដ្ឋកិច្ចនៃផលិតកម្មដំណាំពោតក្រហាមជាលក្ខណះគ្រួសារនៅឃុំជ្រោយតាកែវ ស្រុកកោះធំ ខេត្តកណ្តាល |
| 260 ## - PUBLICATION, DISTRIBUTION, ETC. (IMPRINT) |
| Place of publication |
RUA |
| Name of publisher |
Phnom penh |
| Year of publication |
2016 |
| 300 ## - PHYSICAL DESCRIPTION |
| Number of Pages |
xi;44p |
| Other physical details |
ill; |
| Dimensions |
29cm |
| 856 ## - ELECTRONIC LOCATION AND ACCESS |
| Uniform Resource Identifier |
https://drive.google.com/file/d/1uQHp1SdPzwfzLI2F0N-IdA2rqYqm6Ihz/view?usp=sharing |
| 942 ## - ADDED ENTRY ELEMENTS (KOHA) |
| Koha item type |
AED |
| 952 ## - LOCATION AND ITEM INFORMATION (KOHA) |
| Withdrawn status [LOCAL, KOHA] |
0 |
| 952 ## - LOCATION AND ITEM INFORMATION (KOHA) |
| Withdrawn status [LOCAL, KOHA] |
0 |
| 952 ## - LOCATION AND ITEM INFORMATION (KOHA) |
| Withdrawn status [LOCAL, KOHA] |
0 |
| 952 ## - LOCATION AND ITEM INFORMATION (KOHA) |
| Withdrawn status [LOCAL, KOHA] |
0 |
| 952 ## - LOCATION AND ITEM INFORMATION (KOHA) |
| Withdrawn status [LOCAL, KOHA] |
0 |
| 952 ## - LOCATION AND ITEM INFORMATION (KOHA) |
| Withdrawn status [LOCAL, KOHA] |
0 |